|
|
|
|
| LEADER |
01748cas a2200241 a 4500 |
| 001 |
AALejournalIMF002829 |
| 008 |
230101c9999 xx r poo 0 0eng d |
| 020 |
|
|
|c 5.00 USD
|
| 020 |
|
|
|z 9781451810806
|
| 022 |
|
|
|a 1934-7685
|
| 040 |
|
|
|a BD-DhAAL
|c BD-DhAAL
|
| 110 |
2 |
|
|a International Monetary Fund.
|
| 245 |
1 |
0 |
|a Dominica :
|b Second Review Under the Stand-By Arrangement, Cancellation of Stand-By Arrangement and Request for a Three-Year Arrangement Under the Poverty Reduction and Growth Facility.
|
| 264 |
|
1 |
|a Washington, D.C. :
|b International Monetary Fund,
|c 2004.
|
| 300 |
|
|
|a 1 online resource (74 pages)
|
| 490 |
1 |
|
|a IMF Staff Country Reports
|
| 500 |
|
|
|a <strong>Off-Campus Access:</strong> No User ID or Password Required
|
| 500 |
|
|
|a <strong>On-Campus Access:</strong> No User ID or Password Required
|
| 506 |
|
|
|a Electronic access restricted to authorized BRAC University faculty, staff and students
|
| 520 |
3 |
|
|a In this study, the authorities outlined a two-stage strategy and explained the need for requesting the cancellation of Stand-By Arrangement and the approval of a Three-Year Arrangement Under the Poverty Reduction Growth Facility (PRGF). The objective of the three-year program is to review growth by addressing the debt overhang and structural weaknesses. The underlying concept of fiscal reform is to support the achievement of the medium-term primary surplus target. The authorities will implement a number of initiatives to strengthen the investment climate in the economy.
|
| 538 |
|
|
|a Mode of access: Internet
|
| 830 |
|
0 |
|a IMF Staff Country Reports; Country Report ;
|v No. 2004/006
|
| 856 |
4 |
0 |
|z Full text available on IMF
|u http://elibrary.imf.org/view/journals/002/2004/006/002.2004.issue-006-en.xml
|z IMF e-Library
|